| 000 | 00745nam a22001817a 4500 | ||
|---|---|---|---|
| 999 |
_c63496 _d63496 |
||
| 003 | Ge_BSU | ||
| 005 | 20251020151112.0 | ||
| 008 | 251020s1944 ge ||||| |||| 00| 0 geo d | ||
| 041 | _ageo | ||
| 080 | _a631.115.6 ჟ-89 | ||
| 100 |
_aჟუიკოვი, გ.გ. _926067 |
||
| 245 |
_aპირველადი აღრიცხვა კოლმეურნეობებში / _c გ.გ. ჟუიკოვი, ა.პ. კრასნოვი. |
||
| 264 |
_aთბილისი : _bსახელგამი, _c1944. |
||
| 300 |
_a92 გვ. ; _b21 სმ. |
||
| 653 | _aკოლმეურნეობები | ||
| 700 |
_aკრასნოვი, ა.პ. _eავტორი _926068 |
||
| 942 |
_2udc _cᲬᲘᲒᲜᲘ |
||